| 000 | 00705nam a2200205 a 4500 | ||
|---|---|---|---|
| 005 | 20250524063828.0 | ||
| 008 | 991125s1980 mx 000 0 spa u | ||
| 035 | _aUPN01000003812 | ||
| 049 | _aCG | ||
| 050 | 4 |
_aLB3054 _bS6.3 |
|
| 100 | 1 |
_aSolano-Flores, Guillermo, _d1955- _930027 |
|
| 245 | 1 | 0 |
_aAportaciones de la teoría de gráficas y del álgebra lineal a la programación, el diseño y la evaluación en educación / _cGuillermo Solano Flores. |
| 260 |
_aMéxico : _bUPN, _c[198-]. |
||
| 300 |
_a126, [24] h. : _bil. |
||
| 500 | _a"Area de investigación" | ||
| 500 | _aFotocopia | ||
| 650 | 4 |
_aEducación _vEstadística _97284 |
|
| 650 | 4 |
_aMediciones y pruebas educativas _94299 |
|
| 905 | _aLibro | ||
| 999 |
_c3812 _d3812 |
||